000 00682nam a2200217 4500
003 OSt
005 20260530115255.0
008 260421b2007 maua|||| |||| 00| 0 eng d
040 _aICI
_bspa
_cICI
050 _a QA76.9H85 |
_bM64
100 1 _aMoggridge, Bill,
_eautor
_930394
245 1 0 _a Designing interactions /
_cBill Moggridge
264 1 _bThe MIT Press,
_c2007
_aCambridge, Massachusetts :
300 _axxiv, 766 páginas :
_bilustraciones
_c28 cm.
336 _atexto
_2rdacontent
337 _asin medio
_2rdamedia
338 _avolumen
_2rdacarrier
500 _aRegalo del Autor B. Mogggridge
650 _aInteracción hombre-computadora
_930395
942 _2lcc
_cBK
999 _c12576
_d12576